000
00256nam a2200097Ia 4500
001
801182
005
20250826171032.0
008
250824s9999 xx 000 0 und d
245
0
_a
DİNO AVCISI SUALTI DİNOZOLARI
_c
FRANCO
260
_b
UĞUR BÖCEĞİ YAYINLARI
999
_c
801182
_d
801182